| 000 | 00622nam a2200217 a 4500 | ||
|---|---|---|---|
| 008 | |||
| 020 | _a013023169X (pbk.) | ||
| 049 | _aMAIN | ||
| 090 |
_aQA76.9.A43 _bBRA |
||
| 100 | 1 | _aBrassard, Gilles. | |
| 245 | 1 | 0 |
_aAlgorithmics : _btheory and practice / _cGilles Brassard and Paul Bratley. |
| 260 |
_aEnglewood Cliffs, N.J. _bPrentice-Hall, _cc1988. |
||
| 300 | _axvi, 361 p. | ||
| 650 | 0 | _aAlgorithms. | |
| 700 | 1 | _aBratley, Paul. | |
| 907 |
_a.b10044991 _b04-05-12 _c17-04-03 |
||
| 003 | |||
| 005 | 20230123133214.0 | ||
| 040 | _cNUST | ||
| 942 |
_cBOOKS _kQA76.9.A43 _mBRA |
||
| 999 |
_c144581 _d144581 |
||